000 00367nam a2200121 4500
008 708 C238c
082 _a708
_bC238c
100 _aTiscornia, Ana
_96757
245 _aCitas y abreviaturas
260 _aSan José, Costa Rica
_bTEOR/éTica
_c2000
300 _a8 p.
_bill (col)
_c20 x 21,5 cm
650 _xarte contemporáneo
_xarte - exhibiciones
_xUruguay
_xTiscornia, Ana
_96758
999 _c1653
_d1653